|
|
|
|
| LEADER |
00000ny a22000003n 4500 |
| 005 |
20110617130226.0 |
| 008 |
930805s2008 pe 000 spa d |
| 020 |
|
|
|a 9789972224904
|
| 035 |
|
|
|a 4631
|
| 040 |
|
|
|a BUS
|d vLex
|
| 090 |
|
|
|c 817
|d 817
|
| 100 |
1 |
|
|a Kresalja Rossell,̤ Baldo
|
| 245 |
1 |
0 |
|a Derecho al bienestar y ťica para el desarrollo
|h [Recurso electrn̤ico]
|c Baldo Kresalja Rossell̤
|
| 256 |
|
|
|a Servicio en ln̕ea
|
| 260 |
|
|
|a Lima :
|b Palestra,
|c 2008
|
| 300 |
|
|
|a p ;
|c cm
|
| 506 |
1 |
|
|a Contenido solo disponible en los productos indicados
|d vLex Global
|d vLex Global (Academic Edition, excluding Law Schools)
|d vLex Global (U.S. Academic Edition, Law Schools)
|d vLex Global (U.S. Academic Edition, excluding Law Schools)
|d vLex Global (Academic Edition, Law Schools)
|
| 650 |
0 |
4 |
|a Asistencia social
|
| 650 |
0 |
4 |
|a Economa̕ del bienestar
|
| 650 |
0 |
4 |
|a Polt̕ica social
|
| 740 |
0 |
|
|a vLex Libros (Servicios en ln̕ea)
|
| 856 |
4 |
0 |
|u http://vlex.com/source/4631
|z Acceso restringido
|
| 942 |
|
|
|c BOOK
|
| 999 |
0 |
|
|a Welfare economics)
|b Peru
|